<The> Theory of economic growth <an> introduction
Na minha lista:
| Autor principal: | |
|---|---|
| Formato: | Livro |
| Idioma: | inglês |
| Publicado em: |
London
MacMillan Pub. Co.
1979
|
| Tags: |
Sem tags, seja o primeiro a adicionar uma tag!
|
MARC
| LEADER | 00000nam a2200000 4500 | ||
|---|---|---|---|
| 001 | c140112 | ||
| 005 | 20041019155317.9 | ||
| 041 | 0 | |a eng | |
| 044 | |a GB | ||
| 245 | 1 | 0 | |a <The> Theory of economic growth |b <an> introduction |c Graham Hacche |
| 264 | 1 | |a London |b MacMillan Pub. Co. |c 1979 | |
| 300 | |a 349 s. | ||
| 100 | 1 | |a Hacche, Graham | |